W.B. Yeats and the emergence of the Irish Free State, 1918-1939 : living in the explosion /

Bibliographic Details
Main Author: Krimm, Bernard G.
Format: Book
Language:English
Published: Troy, N.Y. : Whitston Pub. Co., 1981.
Subjects:

MARC

Tag First Indicator Second Indicator Subfields
LEADER 00000cam a2200000 a 4500
001 in00000099701
005 20150924160350.0
008 820614s1981 nyu b 00010 eng
010 |a  80051875  
020 |a 0878752005 
035 |a (OCoLC)07238936 
035 |9 AAL0319AM 
040 |a DLC  |c DLC  |d TXA  |d UtOrBLW 
043 |a e-ie--- 
049 |a TXAM  |c [1482289] 
050 0 0 |a PR5908.P6  |b K7 1981 
082 0 |a 821/.8  |2 19 
100 1 |a Krimm, Bernard G. 
245 1 0 |a W.B. Yeats and the emergence of the Irish Free State, 1918-1939 :  |b living in the explosion /  |c by Bernard G. Krimm. 
264 1 |a Troy, N.Y. :  |b Whitston Pub. Co.,  |c 1981. 
300 |a xvi, 305 pages ;  |c 24 cm. 
336 |a text  |b txt  |2 rdacontent 
337 |a unmediated  |b n  |2 rdamedia 
338 |a volume  |b nc  |2 rdacarrier 
504 |a Bibliography: pages [297]-305. 
600 1 0 |a Yeats, W. B.  |q (William Butler),  |d 1865-1939  |x Political and social views. 
650 0 |a Authors, Irish  |y 20th century  |v Biography. 
650 0 |a Ireland in literature. 
651 0 |a Ireland  |x Politics and government  |y 20th century. 
999 |a MARS 
999 f f |s eed43d43-8080-309e-a3ff-5f1f7ea2da8d  |i 1b12ac6a-a916-3fad-99b0-5136c15c8d3e  |t 0 
952 f f |p normal  |a Texas A&M University  |b College Station  |c Sterling C. Evans Library  |d Evans: Library Stacks  |t 0  |e PR5908.P6 K7 1981  |h Library of Congress classification  |i unmediated -- volume  |m A14806281669 
998 f f |a PR5908.P6 K7 1981  |t 0  |l Evans: Library Stacks